| 000 | 00933nam a2200265 a 4500 | ||
|---|---|---|---|
| 001 | 000016635 | ||
| 003 | OSt | ||
| 005 | 20240305102114.0 | ||
| 007 | ta | ||
| 008 | 100308s1979 dr a 000 0 spa d | ||
| 040 |
_aDO-SdBNP _bspa _cBNPHU |
||
| 082 |
_axxx _bL789f |
||
| 100 | 1 |
_aLizardo, Fradique, _d1930-1997 _962027 |
|
| 245 | 1 | 0 |
_aFiestas patronales y juegos populares dominicanos / _cFradique Lizardo, J.P. Muñoz Victoria |
| 260 |
_aSanto Domingo : _bFundación García-Arévalo, _c1979. |
||
| 300 |
_a318 p. : _bil. , fotos , mapa, gráfico ; _c22 cm. |
||
| 440 | 3 |
_aInvestigaciones ; _nNo. 11 _976867 |
|
| 500 | _aIncluye datos biográficos de los autores en la contraportada | ||
| 500 | _aIncluye notas al pie de las páginas | ||
| 504 | _aIncluye referencias bibliográficas ( p. 311-315) | ||
| 590 | _aInventariado, 2020/ YL | ||
| 700 | 1 | 2 |
_aMuñoz Victoria, J. P. _936949 |
| 910 | _aEn proceso | ||
| 942 |
_2ddc _cLF1 |
||
| 999 |
_c16168 _d16168 |
||